000
00294nam a2200121Ia 4500
005
20251222154415.0
008
251222s9999||||xx |||||||||||||| ||spa||
020
_a
9972-813-40-1
082
_a
511/L32
100
_a
"Lázaro Carrión, Moises"
245
0
_a
Matemética básica - A
942
_c
LIB
999
_c
35798
_d
35798